History Quiz

Random History or Politics Quiz

US Presidents Slideshow Quiz Stats

 Plays Quiz Updated Jul 3, 2017

Also try: Kid Presidents
Challenge
Share
Tweet
Score 0/43 Timer 10:00
2 Plays Today
% Correct
George Washington
99.3%
Abraham Lincoln
99.1%
John F. Kennedy
98.5%
George W. Bush
97.8%
Bill Clinton
97.3%
Richard Nixon
97.2%
Ronald Reagan
96.3%
George H. W. Bush
95.4%
Theodore Roosevelt
94.4%
Barack Obama
94.3%
Jimmy Carter
93%
Dwight D. Eisenhower
90.2%
Thomas Jefferson
89.1%
John Adams
88.8%
William Howard Taft
87.1%
Franklin Delano Roosevelt
86.4%
Harry Truman
84.2%
Lyndon Johnson
82.5%
Gerald Ford
81.2%
Andrew Jackson
80.3%
Woodrow Wilson
75.8%
Ulysses S. Grant
73.7%
% Correct
James Madison
73.3%
Herbert Hoover
67.9%
John Quincy Adams
63.8%
Martin van Buren
62.1%
Grover Cleveland
61.9%
Calvin Coolidge
60.2%
James Garfield
54.8%
John Tyler
54.7%
Zachary Taylor
54.4%
William McKinley
52.9%
James Monroe
51.1%
Rutherford B. Hayes
50.5%
Benjamin Harrison
50.3%
Warren Harding
50%
James Polk
49.4%
William Henry Harrison
48%
Franklin Pierce
46.1%
Millard Fillmore
46.1%
Andrew Johnson
45%
Chester A. Arthur
45%
James Buchanan
43.6%

You're not logged in!

Compare scores with friends on all Sporcle quizzes.
Join for Free
OR
Log In

You Might Also Like...

Show Comments

Extras

Top Quizzes Today


Score Distribution

Your Account Isn't Verified!

In order to create a playlist on Sporcle, you need to verify the email address you used during registration. Go to your Sporcle Settings to finish the process.

Report this User

Report this user for behavior that violates our Community Guidelines.

Details: